|
|
|
|
| LEADER |
01337njm a2200445 a 4500 |
| 001 |
000292192 |
| 003 |
CZ BrMZK |
| 005 |
19950101143423.0 |
| 008 |
950101s1994 xr f cze d |
| 028 |
0 |
3 |
|a X1 0016 - 311
|b 6P
|
| 040 |
|
|
|a BOA001
|b cze
|
| 080 |
|
|
|a 784.4.03"199"(086.7)
|2 MRF
|
| 110 |
2 |
|
|a Fešáci (hudební skupina)
|7 kn20010710194
|4 prf
|
| 245 |
1 |
0 |
|a Dokud můžem
|h [zvukový záznam] /
|c Fešáci.
|
| 246 |
3 |
3 |
|a Náš dům
|
| 246 |
3 |
3 |
|a Pane můj
|
| 246 |
3 |
3 |
|a Proud limuzín
|
| 246 |
3 |
3 |
|a Spím v přízemí
|
| 246 |
3 |
3 |
|a Tátova náruč
|
| 246 |
3 |
3 |
|a Čardáš
|
| 246 |
3 |
3 |
|a 13. poschodí
|
| 246 |
3 |
3 |
|a Dlouhý flám
|
| 246 |
3 |
3 |
|a Dokud můžem
|
| 246 |
3 |
3 |
|a Dva a dva je pět
|
| 246 |
3 |
3 |
|a Dámská jízda
|
| 246 |
3 |
3 |
|a Dívka z Rocky Mountain
|
| 246 |
3 |
3 |
|a Jednou ty, jednou já
|
| 246 |
3 |
3 |
|a Lucille
|
| 246 |
3 |
3 |
|a Není kam se hnát
|
| 246 |
3 |
3 |
|a Návraty
|
| 260 |
|
|
|a Praha :
|b 6P,
|c [1994]
|
| 300 |
|
|
|a 1 CD ;
|c 12 cm +
|e 1 složený list.
|
| 500 |
|
|
|a Nahr. 1994
|
| 500 |
|
|
|a Durata neuv
|
| 505 |
2 |
|
|a Dámská jízda, Lucille, Dlouhý flám ... [et al.]
|
| 653 |
0 |
|
|a country hudba
|
| 910 |
|
|
|a BOA001
|b CD-0002.946
|
| 964 |
|
|
|a Hudba country
|z stol.20.,léta 90.
|x CD
|
| 990 |
|
|
|a AV
|
| 996 |
6 |
|
|b 261H002979
|c CD-0002.946
|l MZK
|r Sklad / do 24 hodin
|n 0
|w 000292192
|u 000010
|a 1
|e BOA001
|j MZK50
|s P
|